000 004070000a22001450004500
090 _aAR
_b01356
245 1 0 _aSize and shape spaces for landmark data in two dimensions
650 1 4 _aBiometría
_993
650 1 4 _aBioestadística
_917230
650 1 4 _aAlometría
_911744
041 0 _aInglés
100 1 _aBookstein, Fred L.
_994660
942 _cARTICULO
773 1 _tStat. Science
_3492
_h2
_q181-242
_d1984?
_g1
999 _c10441
_d10441